Training Notes on Optimum Utilisation of Electrical Load in Industries (Record no. 9992)

MARC details
000 -LEADER
fixed length control field 00461nam a2200169Ia 4500
008 - FIXED-LENGTH DATA ELEMENTS--GENERAL INFORMATION
fixed length control field 221030s9999 xx 000 0 und d
041 ## - LANGUAGE CODE
Language code of text/sound track or separate title
082 ## - DEWEY DECIMAL CLASSIFICATION NUMBER
Classification number 105.23
100 ## - MAIN ENTRY--AUTHOR NAME
Personal name A. Mehta
245 #0 - TITLE STATEMENT
Title Training Notes on Optimum Utilisation of Electrical Load in Industries
Statement of responsibility, etc by A. Mehta, S. K. Sharma, N. Langer
260 ## - PUBLICATION, DISTRIBUTION, ETC. (IMPRINT)
Name of publisher MIET
Place of publication Jammu
Year of publication 2011
300 ## - PHYSICAL DESCRIPTION
Number of Pages 24
650 ## - SUBJECT ADDED ENTRY--TOPICAL TERM
Topical Term Training Notes
700 ## - ADDED ENTRY--PERSONAL NAME
Personal name N. Langer
700 ## - ADDED ENTRY--PERSONAL NAME
Personal name S. K. Sharma
942 ## - ADDED ENTRY ELEMENTS (KOHA)
Koha item type Books
Holdings
Accession Number Full call number Source of acquisition Price effective from Koha item type Withdrawn / writtenoff status Materials specified (bound volume or other part) Damaged status Not for loan Permanent Location Current Location Shelving location Date acquired Lost/ Missing status department
BE 12127 105.23 MIET, Jammu 10/30/2022 Books   Print     MIET Library, Jammu MIET Library, Jammu BL-Academic Block B, FL-2, CUP-70, SH-5, R-5 12/27/2011   BE